UBT Library

Essentials of medical microbiology / (Record no. 44786)

000 -LEADER
fixed length control field 00655pam a2200241 a 4500
001 - CONTROL NUMBER
control field 1051598
005 - DATE AND TIME OF LATEST TRANSACTION
control field 20180312095218.0
008 - FIXED-LENGTH DATA ELEMENTS--GENERAL INFORMATION
fixed length control field 900105s1991 paua b 001 0 eng c
010 ## - LIBRARY OF CONGRESS CONTROL NUMBER
LC control number 90005415
020 ## - INTERNATIONAL STANDARD BOOK NUMBER
International Standard Book Number 0397510055
040 ## - CATALOGING SOURCE
Original cataloging agency DNLM/DLC
Transcribing agency DLC
Modifying agency DLC
041 ## - LANGUAGE CODE
Language code of text/sound track or separate title eng
060 ## - NATIONAL LIBRARY OF MEDICINE CALL NUMBER
Classification number QW 4 E78
080 ## - UNIVERSAL DECIMAL CLASSIFICATION NUMBER
Universal Decimal Classification number 616.01 WIL
082 00 - DEWEY DECIMAL CLASSIFICATION NUMBER
Classification number 616.01 WIL
Edition number 20
100 ## - Rafti
Rafti 4
101 ## - Shkurtesa
Shkurtesa MED
245 00 - TITLE STATEMENT
Title Essentials of medical microbiology /
Statement of responsibility, etc Wesley A. Volk ... [et al.].
504 ## - BIBLIOGRAPHY, ETC. NOTE
Bibliography, etc Includes bibliographical references.
906 ## - LOCAL DATA ELEMENT F, LDF (RLIN)
a 7
b cbc
c orignew
d 1
e ocip
f 19
g y-gencatlg
942 ## - ADDED ENTRY ELEMENTS (KOHA)
Source of classification or shelving scheme
Item type Books
Holdings
Withdrawn status Lost status Source of classification or shelving scheme Damaged status Not for loan Collection code Permanent location Current location Shelving location Date acquired Total Checkouts Full call number Barcode Date last seen Price effective from Koha item type
          Koleksioni i përgjithshem UBT - Lipjan UBT - Lipjan Koleksioni i përgjithshem 03/12/2018   616.01 WIL 002-3001740 03/12/2018 03/12/2018 Books
UBT Library © 2015-2024. All rights reserved University Education for Business and Technology